00223nam a2200085 a 450000500170000000800410001705000170005824500400007526000220011520140414093831.0970110s19uu xx 00 eng d aVHS SDbR 38 aMR. & MS. SIS Grade School Pageant. cOctober 19, 2000.